02221nmm a22002774a 4500003000900000005001700009008004100026020001300067041000800080044000700088100003200095245029200127260004500419300002600464490011900490520106800609650002601677650001301703653001701716653002601733653001501759700003001774856010501804942001901909999001501928BOLpUSFA20201007012854.0 t es gq d z spa u a16815653 aspa cES aNúñez Vásquez, Isabel aLa ansiedad como variable predictora de la autoestima en adolescentes y su influencia en el proceso educativo y en la comunicación = Anxiety as a variable predictive of self-esteem in adolescents and their influence in the educational process and communicationh[recurso electrónico] aCadiz: bUniversidad de Cádiz, c2016. app.109-128: bgráf. vRevista Iberoamericana de Educación = Revista Ibero-americana de Educação, avol. 71, núm. 2 (15/07/2016). aEste estudio pretende identificar la relación existente entre la ansiedad y la autoestima en una muestra de 207 adolescentes de 12-18 años, debido a la problemática presente en los Institutos de Educación Secundaria donde situaciones de ansiedad se producen diariamente, dificultando la comunicación entre alumnos y profesores, así como el desarrollo del currículo de un modo normalizado. Los factores estudiados son los siguientes: variables sociodemográficas como el género y el nivel socioeconómico y variables de personalidad como la autoestima, la ansiedad-estado y la ansiedad-rasgo. Los resultados demostraron que existe una relación negativa entre la autoestima y la ansiedad, siendo la ansiedad significativa para la predicción de la autoestima. Existen diferencias significativas según el género. Las mujeres presentaron menor nivel de autoestima y mayores niveles de ansiedad-estado y rasgo. El nivel socioeconómico no presentó diferencias significativas para cada una de las variables de personalidad objeto de estudio. aTrastorno de ansiedad aAnsiedad aAdolescencia aProblemas de conducta aAutoestima aPérez, Rafael Crismán uhttp://biblioteca.usfa.edu.bo/cgi-bin/koha/opac-retrieve-file.pl?id=cd634a1ebe63d72019ebc7de0f7a159e cDOCEzOPW2ddc c3652d3652